000 00303nam a2200121 i 4500
001 bg
245 0 _aEksperimentalnye issledowanija po fizike oblakow i pribory :
_bWypusk 133.
260 _aMoskwa,
_c1972.
040 _cBPK
041 _apol
942 _cKS
008 s pl f |000 0 pol
999 _c14730
_d14730
856 _uhttp://koha.tu.koszalin.pl/cgi-bin/koha/opac-detail.pl?biblionumber=14730
_yKatalog online BPK